La formación del feudalismo en la Península Ibérica

Guardat en:
Dades bibliogràfiques
Autors principals: Barbero, Abilio (Autor), Vigil, Marcelo (Autor)
Format: Llibre
Idioma:espanyol
Publicat: Barcelona Crítica 1982
Edició:3a. ed
Col·lecció:Crítica. Historia, 4
Matèries:
Etiquetes: Afegir etiqueta
Sense etiquetes, Sigues el primer a etiquetar aquest registre!

MARC

LEADER 00000nam a2200000 a 4500
001 UCW8332
003 CL-VaPUC
008 880808e19820000SP |||||||||||||||||spa|d
082 0 4 |a 946.01  |b BAR  |2 21 
100 0 |a Barbero, Abilio  |e author  |9 313467 
700 0 |a Vigil, Marcelo  |e author  |9 313468 
245 1 3 |a La formación del feudalismo en la Península Ibérica 
250 |a 3a. ed 
300 |a 431 p 
942 |c BK 
945 |d 19880808 00:00:00 
260 |a Barcelona  |b Crítica  |c 1982 
650 0 |a Feudalismo  |9 313469 
650 0 |a Historia  |9 255047 
651 0 |a España  |9 254926 
583 |a last modification  |c 19880808 00:00:00  |k Rodrigo Vera 
490 0 |a Crítica. Historia, 4 
999 |c 220733  |d 220731 
952 |0 0  |1 0  |4 0  |6 946_010000000000000_BAR_1982  |7 0  |8 A  |9 213297  |a BIBHIS  |b BIBHIS  |d 2019-11-15  |i 2816725  |o 946.01 BAR 1982  |p 2816725  |r 2025-01-20  |w 2019-11-15  |y BK  |k HIS 
952 |0 0  |1 0  |4 0  |6 946_010000000000000_BAR_1982  |7 0  |8 A  |9 213298  |a BIBHIS  |b BIBHIS  |d 2019-11-15  |i 1369865  |o 946.01 BAR 1982  |p 1369865  |r 2025-01-20  |w 2019-11-15  |y BK  |k HIS